Héloïse et Abélard / (Record no. 156932)
[ view plain ]
| 000 -LEADER | |
|---|---|
| campo de control de longitud fija | 00671nam a2200193 i 4500 |
| 001 - NÚMERO DE CONTROL | |
| campo de control | 156932 |
| 003 - IDENTIFICADOR DE NÚMERO DE CONTROL | |
| campo de control | ES-MaACL |
| 005 - FECHA Y HORA DE LA ÚLTIMA TRANSACCIÓN | |
| campo de control | 20250714080904.0 |
| 008 - DATOS DE LONGITUD FIJA--INFORMACIÓN GENERAL | |
| campo de control de longitud fija | 990725s1864 fr |||| | fre d |
| 040 ## - FUENTE DE CATALOGACIÓN | |
| Centro catalogador/agencia de origen | AN |
| Lengua de catalogación | spa |
| Centro/agencia transcriptor | AN |
| 100 1# - ENTRADA PRINCIPAL--NOMBRE DE PERSONA | |
| Nombre de persona | Lamartine, Alphonse de, |
| Fechas asociadas al nombre | 1790-1869 |
| 9 (RLIN) | 69776 |
| 245 10 - MENCIÓN DEL TÍTULO | |
| Título | Héloïse et Abélard / |
| Mención de responsabilidad, etc. | par A. de Lamartine. |
| 260 ## - PUBLICACIÓN, DISTRIBUCIÓN, ETC. | |
| Lugar de publicación, distribución, etc. | Paris : |
| Nombre del editor, distribuidor, etc. | Michel Lévy Frères [etc.], |
| Fecha de publicación, distribución, etc. | 1864. |
| 300 ## - DESCRIPCIÓN FÍSICA | |
| Extensión | 215 p. ; |
| Dimensiones | 16 cm. |
| 490 1# - MENCIÓN DE SERIE | |
| Mención de serie | Collection Michel Lévy |
| 830 00 - PUNTO DE ACCESO ADICIONAL DE SERIE-TÍTULO UNIFORME | |
| Título uniforme | Collection Michel Lévy |
| 9 (RLIN) | 182425 |
| 852 ## - LOCALIZACIÓN | |
| Ubicación | ES-MaACL |
| Número de control de estantería | D-979 |
| Nota libre | -- Rúst. |
| Encuadernación | -- Edic.: añadir en T260 (Clichy : Imp. Maurice Loignon et C.) |
| Estatus retirado | Estado de pérdida | Estado de daño | No para préstamo | Colección | Biblioteca de origen | Biblioteca actual | Ubicación en estantería | Fecha de adquisición | Fuente de adquisición | Total de préstamos | Signatura topográfica completa | Código de barras | Visto por última vez | Precio de reemplazo | Tipo de ítem Koha |
|---|---|---|---|---|---|---|---|---|---|---|---|---|---|---|---|
| Libros del s. XIX | Biblioteca del Ateneo de Madrid | Biblioteca del Ateneo de Madrid | Sala Valle Inclán | 17/01/2008 | D-979 | 901164195 | 23/02/2023 | 23/02/2023 | Libro impreso antiguo |
